| 000 | 00732nam a22002297a 4500 | ||
|---|---|---|---|
| 005 | 20170124110033.0 | ||
| 010 | _aA-896298 | ||
| 020 |
_c00.00 _a8173870713 |
||
| 035 | _aA-896298 | ||
| 037 | _bCen Lib/Ret | ||
| 040 |
_adpl _bEN |
||
| 082 |
_a390.095415 _bTHA |
||
| 100 |
_aThakur, M.R. _922027 |
||
| 245 |
_aMyths, rituals and beliefs in Himachal Pradesh / _cby M.R.Thakur |
||
| 260 |
_bIndus Publishing Company _c1997 _aNew Delhi |
||
| 270 |
_aFS-5, Tagore Garden _bNew Delhi _e110027 |
||
| 300 |
_a188p. : _c22cm(Hb) _bill. |
||
| 500 | _aIncludes bibliographical references and index. | ||
| 650 |
_aCustoms. _922028 |
||
| 650 |
_aHistory of Himachal Pradesh. _922029 |
||
| 942 |
_2ddc _cEN _h390.095415 _mTHA |
||
| 999 |
_c127959 _d127959 |
||